000 00977nam a2200265Ia 4500
003 OSt
005 20220923211519.0
006 a|||||r|||| 00| 0
007 ta
008 220922b |||||||| |||| 00| 0 hin d
020 _a9789380458410 (hbk)
_c500
024 _a272,847
037 _b23064, 16/08/2013, Kitab Ghar
_cTextual
040 _aARTS
_cARTS
_bhin
041 _2hin
_ahin
082 _aO152,3N256:g, Q2
100 _aकालिया, रवीन्द्र, संपा.
245 0 _aअमरकांत
_b एक मूल्यांकन
246 _aAmarakāanta: ek mūlyāankana
260 _aनई दिल्ली
_b सामयिक बुक्स
_c2012
300 _a351पृ.
_ccm.
650 _aहिन्दी साहित्य
_9156264
942 _hO152,3N256:g, Q2
_cTEXL
_2CC
999 _c300282
_d300282